Top 10 NBA Players At Each Position - Statistics

General Stats
  • This quiz has been taken 42 times
  • The average score is 37 of 50
Answer Stats
Hint Answer % Correct
ACTIVE LeBron James
100%
1996 Magic Johnson
100%
ACTIVE Stephen Curry
97%
2016 Kobe Bryant
94%
2003 Michael Jordan
94%
2016 Tim Duncan
94%
ACTIVE Chris Paul
91%
2002 Hakeem Olajuwon
91%
1974 Jerry West
91%
2003 John Stockton
91%
1989 Kareem Abdul-Jabbar
91%
2011 Shaquille O'neal
91%
1974 Wilt Chamberlain
91%
1969 Bill Russell
88%
ACTIVE Kevin Durant
88%
1974 Oscar Robertson
88%
2015 Steve Nash
88%
2019 Dirk Nowitzki
85%
1987 Julius Erving
85%
2004 Karl Malone
85%
2015 Kevin Garnett
85%
1992 Larry Bird
85%
1995 Moses Malone
85%
1994 Isiah Thomas
82%
2003 David Robinson
79%
2013 Jason Kidd
79%
2010 Allen Iverson
76%
2019 Dwayne Wade
76%
2000 Charles Barkley
74%
1970 Bob Cousy
71%
2002 Patrick Ewing
71%
2004 Scottie Pippen
71%
1998 Clyde Drexler
68%
1965 Bob Pettit
62%
1978 John Havlicek
62%
1987 Bill Walton
59%
1986 George Gervin
59%
1956 George Mikan
56%
1994 James Worthy
56%
1972 Elgin Baylor
53%
1993 Kevin Mchale
53%
2000 Dennis Rodman
50%
1981 Elvin Hayes
50%
2005 Reggie Miller
50%
1980 Walt Frazier
50%
1999 Dominique Wilkins
47%
2014 Ray Allen
47%
2021 Pau Gasol
41%
1980 Rick Barry
35%
1980 Earl Monroe
24%
No matching quizzes found
Score Distribution
Percent of People with Each Score
Percentile by Number Answered
Your Score History
You have not taken this quiz